LIBRARY & INFORMATION CENTRE, KCAET, TAVANUR

ONLINE PUBLIC ACCESS CATALOGUE (OPAC)

Sustainable Agriculture, Food Security and Climate Change (Record no. 14256)

MARC details
000 -LEADER
fixed length control field 00331nam a22001217a 4500
020 ## - INTERNATIONAL STANDARD BOOK NUMBER
ISBN 9788170357735
082 ## - DEWEY DECIMAL CLASSIFICATION NUMBER
Classification number 551.697
Item number CHA/SU
100 ## - MAIN ENTRY--AUTHOR NAME
Personal name Chand Subhash
-- Singh Lal
245 ## - TITLE STATEMENT
Title Sustainable Agriculture, Food Security and Climate Change
260 ## - PUBLICATION, DISTRIBUTION, ETC. (IMPRINT)
Place of publication New delhi
Name of publisher Daya Publishing House
Year of publication 2012
300 ## - PHYSICAL DESCRIPTION
Number of Pages 218
942 ## - ADDED ENTRY ELEMENTS (KOHA)
Koha item type Books
Holdings
Withdrawn status Lost status Damaged status Collection code Home library Current library Shelving location Date acquired Source of acquisition Cost, normal purchase price Full call number Accession Number Koha item type
        KAUAET KAUAET General Stacks 09/06/2016 Universal Research Books, Thrissur 800.00 551.697 CHA/SU 24316 Books
free website counter